سیکولر اینڈ نیشنلسٹ جناح / (Record no. 109074)
[ view plain ]
| 000 -LEADER | |
|---|---|
| fixed length control field | 01184nam a22002777a 4500 |
| 005 - DATE AND TIME OF LATEST TRANSACTION | |
| control field | 20170123162348.0 |
| 010 ## - LIBRARY OF CONGRESS CONTROL NUMBER | |
| LC control number | B-208801 |
| 020 ## - INTERNATIONAL STANDARD BOOK NUMBER | |
| Terms of availability | 275.00 |
| International Standard Book Number | 8182232120 |
| 035 ## - SYSTEM CONTROL NUMBER | |
| System control number | B-208801 |
| 037 ## - SOURCE OF ACQUISITION | |
| Source of stock number/acquisition | Cen Lib/Ret |
| 040 ## - CATALOGING SOURCE | |
| Original cataloging agency | DPL |
| Language of cataloging | UR |
| 082 ## - DEWEY DECIMAL CLASSIFICATION NUMBER | |
| Classification number | 923.547 |
| Item number | م ح م |
| 100 ## - MAIN ENTRY--PERSONAL NAME | |
| Personal name | اجیت جاوید |
| 9 (RLIN) | 135077 |
| 245 ## - TITLE STATEMENT | |
| Title | سیکولر اینڈ نیشنلسٹ جناح / |
| Statement of responsibility, etc | اجیت جاوید ؛ مرتجم محمّد عمر برنی |
| 246 ## - VARYING FORM OF TITLE | |
| Title proper/short title | Secular and nationalist Jinnah / |
| Remainder of title | by Ajeet Jawed ; translated by Mohd. Umer Barni |
| 260 ## - PUBLICATION, DISTRIBUTION, ETC. (IMPRINT) | |
| Place of publication, distribution, etc | دہلی |
| Name of publisher, distributor, etc | ایجوکیشنل پبلشنگ ہاؤس |
| Date of publication, distribution, etc | 2006 |
| 270 ## - ADDRESS | |
| Address | ٣١٠٨، گلی عزیزددیں وکیل کوچہ پنڈت لال کوان |
| City | دہلی |
| Postal code | 110006 |
| 300 ## - PHYSICAL DESCRIPTION | |
| Extent | 320p. |
| Dimensions | 21cm(Hb) |
| 500 ## - GENERAL NOTE | |
| General note | کتابیات و اشاریت |
| 650 ## - SUBJECT ADDED ENTRY--TOPICAL TERM | |
| Topical term or geographic name as entry element | جناح، محمد علی، - 1876-1948. |
| 9 (RLIN) | 135078 |
| 650 ## - SUBJECT ADDED ENTRY--TOPICAL TERM | |
| Topical term or geographic name as entry element | وزرائے اعظم - پاکستان - سوانح حیات. |
| 9 (RLIN) | 135079 |
| 650 ## - SUBJECT ADDED ENTRY--TOPICAL TERM | |
| Topical term or geographic name as entry element | Jinnah, Mahomed Ali, -- 1876-1948. |
| 9 (RLIN) | 30786 |
| 650 ## - SUBJECT ADDED ENTRY--TOPICAL TERM | |
| Topical term or geographic name as entry element | Prime ministers -- Pakistan -- Biography. |
| 9 (RLIN) | 28505 |
| 700 ## - ADDED ENTRY--PERSONAL NAME | |
| Personal name | جاوید، اجیت |
| 9 (RLIN) | 135080 |
| 942 ## - ADDED ENTRY ELEMENTS (KOHA) | |
| Source of classification or shelving scheme | Dewey Decimal Classification |
| Koha item type | Urdu Bks |
| Classification part | 923.547 |
| Call number suffix | م ح م |
| Withdrawn status | Lost status | Damaged status | Not for loan | Home library | Current library | Date acquired | Source of acquisition | Cost, normal purchase price | Total Checkouts | Total Renewals | Full call number | Barcode | Date last seen | Date checked out | Copy number | Cost, replacement price | Price effective from | Koha item type |
|---|---|---|---|---|---|---|---|---|---|---|---|---|---|---|---|---|---|---|
| Central Library | Central Library | 19/02/2016 | Cen Lib/Ret | 275.00 | 5 | 1 | 923.547 م ح م | B-208801 | 30/08/2024 | 16/08/2024 | 1 | 275.00 | 19/02/2016 | Urdu Bks |
